000 00317nam a22001337a 4500
008 170628b xxu||||| |||| 00| 0 eng d
020 _a9780312594343
041 _aeng
080 _29TH
_a82
100 _a21
101 _aGJL
245 _aTHE COMPACT BEDFORD INTRODUCTION TO LITERATURE
_cMEYER,M
942 _2udc
_cBK
999 _c19377
_d19377